000 00274nam a2200109Ia 4500
008 241202s9999||||xx |||||||||||||| ||und||
020 _a9781984680648
082 _a658.15
245 0 _aFinancial Management: World Edition (2nd Edition)
260 _b3G E-Learning
942 _cBK
999 _c4124
_d4124